Normal view
MARC view
- Iqbal, Khuram,
Entry Personal Name
001 - CONTROL NUMBER
- control field: 3053
003 - CONTROL NUMBER IDENTIFIER
- control field: NUST
005 - DATE AND TIME OF LATEST TRANSACTION
- control field: 20170621150721.0
008 - FIXED-LENGTH DATA ELEMENTS
- fixed length control field: 170621|| aca||aabn | a|a d
040 ## - CATALOGING SOURCE
- Original cataloging agency: NUST
- Transcribing agency: NUST
100 ## - HEADING--PERSONAL NAME
- Personal name: Iqbal, Khuram,
- Relator term: author.
670 ## - SOURCE DATA FOUND
- Source citation: Work cat.: (NUST)0: Dolnik, Adam, author. 3051, Negotiating the siege of the Lal Masjid /
